000 00323nam a2200097Ia 4500
008 180130s9999 xx 000 0 und d
245 _cGray, Shirley; Hall, Edward
_aCoaching tactics
260 _c2015
300 _aBook title: Practical sports coaching--Acession number C20229; pages 148-174
650 _aCOACHING (ATHLETICS)
999 _c354570
_d354570